Fr. Conceicao Rodrigues College of Engineering

Pentium Processor Systems Architecture (Record no. 22045)

MARC details
000 -LEADER
fixed length control field 00361nam a2200145Ia 4500
082 ## - DEWEY DECIMAL CLASSIFICATION NUMBER
Classification number 004.165/AND
Item number AND
100 ## - MAIN ENTRY--PERSONAL NAME
Personal name Anderson B/ Shanley/Tom
245 ## - TITLE STATEMENT
Title Pentium Processor Systems Architecture
260 ## - PUBLICATION, DISTRIBUTION, ETC.
Name of publisher, distributor, etc. Addison Wesley Pub
Place of publication, distribution, etc. New Delhi
546 ## - LANGUAGE NOTE
Language note ENGLISH
650 ## - SUBJECT ADDED ENTRY--TOPICAL TERM
Topical term or geographic name entry element Pentium Processor
654 ## - SUBJECT ADDED ENTRY--FACETED TOPICAL TERMS
Focus term pentium processor
942 ## - ADDED ENTRY ELEMENTS (KOHA)
Koha item type BOOK
Holdings
Withdrawn status Lost status Damaged status Not for loan Collection Home library Current library Date acquired Total Checkouts Full call number Barcode Date last seen Date last checked out Price effective from Koha item type Total Renewals
        CRC Fr. Agnel's C.Rodrigues College of Engineering AGNEL TECHNICAL COLLEGE LIBRARY 17/03/2023 3 004.165/AND AND 17854 27/10/2025 14/10/2025   BOOK  
        CRC Fr. Agnel's C.Rodrigues College of Engineering Fr. Agnel's C.Rodrigues College of Engineering 17/03/2023 5 004.165/AND AND 17855 28/10/2025 13/10/2025   BOOK  
        CRC Fr. Agnel's C.Rodrigues College of Engineering Fr. Agnel's C.Rodrigues College of Engineering 17/03/2023   004.165/AND AND 17856 17/03/2023     BOOK  
        CRC Fr. Agnel's C.Rodrigues College of Engineering Fr. Agnel's C.Rodrigues College of Engineering 17/03/2023 2 004.165/AND AND 17857 14/10/2025 14/10/2025   BOOK 1